| 000 | 01151cam a22002174a 4500 | ||
|---|---|---|---|
| 005 | 20250605164047.0 | ||
| 008 | 250528s ||||||||||||||||||||||||d | ||
| 035 | _a17141 | ||
| 020 | _a136067166 | ||
| 040 |
_aGR-AtMCL _bgre _dGR-AtMCL _eAACR2 |
||
| 245 | 1 | _aStatistics for Management / Seventh Edition | |
| 250 | _a7th | ||
| 260 |
_bPrentice Hall International, _c1998 |
||
| 300 | _a1118 | ||
| 520 | _aPreface, Introduction, Grouping and Displaying Data to Convey Meaning: Tables and Graphs, Measures of Central Tendency and Dispersion in Frequency Distributions, Probability I: Introductory Ideas, Probability Distributions, Sampling and Sampling Distributions, Estimation, Testing Hypotheses: One Sample Tests, Testing Hypotheses: Two-Sample Tests, Quality and Quality Control, Chi-Square and Analysis of Variance, Simple Regression and Correlation, Multiple Regression and Modeling, Nonparametric Methods, Time Series and Forecasting, Index Numbers, Decision Theory, Appendix Tables, Bibliography, Index. | ||
| 700 | 1 |
_aLevin Richard I _91327 |
|
| 700 | 1 |
_aRubin David S _91328 |
|
| 942 | _cBK | ||
| 999 |
_c2580 _d2580 |
||